San José de Calasanz: su obra, escritos

Shranjeno v:
Bibliografske podrobnosti
Main Authors: Santha, Gyorgy (Author), Aguilera, César (Author), Centelles, Julián (Author)
Format: Knjiga
Jezik:španščina
Izdano: Madrid Biblioteca de Autores Cristianos 1956
Teme:
Oznake: Označite
Brez oznak, prvi označite!

MARC

LEADER 00000nam a2200000 a 4500
001 UCL5295
003 CL-VaPUC
008 040312e19560000SP |||||||||||||||||spa|d
082 0 4 |a 370.114  |b SAN  |2 21 
100 0 |a Santha, Gyorgy  |e author  |9 483007 
700 0 |a Aguilera, César  |e author  |9 483008 
700 0 |a Centelles, Julián  |e author  |9 483009 
245 1 0 |a San José de Calasanz: su obra, escritos 
300 |a 822 p 
942 |c BK 
945 |d 20040312 00:00:00  |a rbrito 
260 |a Madrid  |b Biblioteca de Autores Cristianos  |c 1956 
600 0 7 |a CALASANZ, JOSE DE  |2 CL-VaPUC  |9 483010 
650 0 |a Filosofía de la educación   |9 258384 
650 0 |a Biografías  |9 255210 
650 0 |a Pedagogía  |9 255351 
650 0 |a Educación religiosa   |9 308312 
583 |a last modification  |c 20040312 00:00:00  |k Rodrigo Vera 
999 |c 307906  |d 307904 
952 |0 0  |1 0  |4 0  |6 370_114000000000000_SAN_1956  |7 0  |8 A  |9 374073  |a BIBTEO  |b BIBTEO  |d 2019-11-21  |i 2088207  |o 370.114 SAN 1956  |p 2088207  |r 2025-01-17  |w 2019-11-21  |y BK  |k ICR 
952 |0 0  |1 0  |2 ddc  |4 0  |6 370_114000000000000_SAN_1956  |7 0  |8 P  |9 374074  |a BIBTEO  |b BIBTES  |c TEO_FTES  |d 2019-11-21  |i 2106434  |o 370.114 SAN 1956  |p 2106434  |r 2024-01-18  |w 2019-11-21  |y BK  |k ICR